[Event "Lasker Memorial A"]
[Site "?"]
[Date "2006.06.11"]
[Round "9.10"]
[White "Owczarzak Jerzy"]
[Black "Rutkowski Maciej"]
[Result "1/2-1/2"]
[WhiteElo "2380"]
[BlackElo "2298"]
[PlyCount "31"]
[EventDate "2006.??.??"]

1. e4 c5 2. Nf3 d6 3. d4 cxd4 4. Nxd4 Nf6 5. Nc3 g6 6. Be3 Bg7 7. f3 O-O 8. Qd2
Nc6 9. Bc4 Bd7 10. h4 h5 11. O-O-O Rc8 12. Bb3 Ne5 13. Rhe1 Qa5 14. Kb1 Rfe8
15. Bg5 Rc5 16. Nd5 1/2-1/2

[Event "Lasker Memorial A"]
[Site "?"]
[Date "2006.06.11"]
[Round "9.11"]
[White "Strzemiecki, Zbigniew"]
[Black "Szwed, Jacek"]
[Result "1-0"]
[WhiteElo "2332"]
[BlackElo "2192"]
[PlyCount "137"]
[EventDate "2006.??.??"]

1. e4 e6 2. d4 d5 3. e5 b6 4. c3 Qd7 5. f4 h5 6. Nf3 c5 7. Be3 Nh6 8. Na3 Ba6
9. Bxa6 Nxa6 10. Nc2 cxd4 11. Ncxd4 g6 12. O-O Nc5 13. Bf2 Ne4 14. Bh4 Bc5 15.
Kh1 Ng4 16. Qd3 Be7 17. Kg1 Bxh4 18. Nxh4 Qe7 19. Nhf3 h4 20. h3 Nh6 21. c4 Nc5
22. Qe2 dxc4 23. Qxc4 O-O 24. b4 Nb7 25. Rac1 a5 26. Nc6 Qc7 27. Nfd4 Nd8 28.
b5 Nf5 29. Nxf5 exf5 30. Rfd1 Ne6 31. Rd6 Kg7 32. Rcd1 Nc5 33. Qd4 Kh7 34. Qf2
Rae8 35. Qxh4+ Kg8 36. Qh6 Re6 37. Rxe6 Nxe6 38. h4 Ng7 39. Rd6 Re8 40. Kh2 Re6
41. Rd8+ Re8 42. Rxe8+ Nxe8 43. h5 gxh5 44. Qxh5 Qd7 45. Qh6 Qe6 46. Qg5+ Ng7
47. a4 Kh7 48. Qh4+ Qh6 49. Qxh6+ Kxh6 50. Nd4 Kg6 51. Kh3 Ne8 52. Nf3 Kh5 53.
Nh4 Ng7 54. g3 Ne6 55. Nxf5 Nc5 56. Nd6 Kg6 57. Kg4 Nxa4 58. Nc4 Nc3 59. f5+
Kg7 60. Nxb6 Nxb5 61. Na4 Nd4 62. Kg5 f6+ 63. exf6+ Kf7 64. g4 Ne2 65. Nb2 Nc3
66. Nc4 a4 67. Ne5+ Kf8 68. Kg6 Nd5 69. Nd7+ 1-0

[Event "Lasker Memorial A"]
[Site "?"]
[Date "2006.06.11"]
[Round "9.13"]
[White "Jaworski, Maciej"]
[Black "Orzech, Dominik"]
[Result "0-1"]
[WhiteElo "2203"]
[BlackElo "2346"]
[PlyCount "68"]
[EventDate "2006.??.??"]

1. d4 d5 2. c4 c6 3. Nc3 Nf6 4. Nf3 dxc4 5. e4 b5 6. e5 Nd5 7. a4 e6 8. axb5
Nxc3 9. bxc3 cxb5 10. Ng5 Bb7 11. Qh5 g6 12. Qg4 Be7 13. h4 h5 14. Qf4 Bxg5 15.
hxg5 Nc6 16. Rh4 Ne7 17. g4 Nd5 18. Qg3 Qb6 19. gxh5 O-O-O 20. h6 a5 21. Rb1
Ne7 22. Rf4 Qc6 23. Ba3 Nf5 24. Qg4 f6 25. exf6 b4 26. cxb4 Qa4 27. Qh3 Rxd4
28. Bxc4 Rxf4 29. Bxe6+ Kd8 30. Rd1+ Rd4 31. Rxd4+ Nxd4 32. Qd3 Qc6 33. Qxd4+
Kc7 34. b5 Qxe6+ 0-1

[Event "Lasker Memorial A"]
[Site "?"]
[Date "2006.06.11"]
[Round "9.14"]
[White "Tokarski, Lukasz"]
[Black "Leniart, Arkadiusz"]
[Result "0-1"]
[WhiteElo "2152"]
[BlackElo "2333"]
[PlyCount "66"]
[EventDate "2006.??.??"]

1. e4 e6 2. d4 d5 3. Nc3 Bb4 4. e5 Ne7 5. a3 Bxc3+ 6. bxc3 c5 7. Qg4 O-O 8. Bd3
Qa5 9. Bd2 Nbc6 10. Qh5 h6 11. Nf3 c4 12. Be2 Bd7 13. g4 f6 14. exf6 Be8 15.
Qh3 Rxf6 16. g5 hxg5 17. Nxg5 Rh6 18. Qg2 Nf5 19. Rg1 Qc7 20. h3 Bh5 21. Bg4
Rf8 22. Nf3 Rg6 23. Qh1 Bxg4 24. hxg4 Nd6 25. Nh4 Rgf6 26. Be3 Ne4 27. f3 Qa5
28. Bd2 Nxd4 29. fxe4 Nxc2+ 30. Kd1 Nxa1 31. g5 Qa4+ 32. Ke1 Nc2+ 33. Kd1 Rf1+
0-1

[Event "Lasker Memorial A"]
[Site "?"]
[Date "2006.06.11"]
[Round "9.15"]
[White "Bronowicki, Mateusz"]
[Black "Mouiwid, Jury"]
[Result "1-0"]
[WhiteElo "2278"]
[BlackElo "2239"]
[PlyCount "73"]
[EventDate "2006.??.??"]

1. d4 Nf6 2. c4 c5 3. d5 e6 4. Nc3 exd5 5. cxd5 d6 6. e4 g6 7. Qa4+ Bd7 8. Qb3
b6 9. Nf3 Bg7 10. Be2 O-O 11. O-O Bg4 12. h3 Bc8 13. Bf4 Ba6 14. Bxa6 Nxa6 15.
e5 Nh5 16. Bh2 dxe5 17. Nxe5 Rc8 18. Rad1 Bxe5 19. Bxe5 Re8 20. Bh2 c4 21. Qb5
Nc5 22. d6 Nd7 23. Qa6 Rc5 24. Qxa7 Re6 25. Nd5 Kf8 26. Nc7 Re2 27. Rde1 Rxe1
28. Rxe1 Nhf6 29. Bg3 h6 30. Re7 Ra5 31. Qb7 Rxa2 32. Qc6 Ra1+ 33. Kh2 Rc1 34.
Bf4 Rc2 35. Bxh6+ Kg8 36. Bg5 Nb8 37. Qxb6 1-0

[Event "Lasker Memorial A"]
[Site "?"]
[Date "2006.06.11"]
[Round "9.16"]
[White "Budrewicz, Krzysztof"]
[Black "Kukla, Maciej"]
[Result "0-1"]
[WhiteElo "2142"]
[BlackElo "2026"]
[PlyCount "110"]
[EventDate "2006.??.??"]

1. d4 Nf6 2. c4 c5 3. d5 b5 4. Nf3 g6 5. Qc2 bxc4 6. e4 Ba6 7. Nbd2 c3 8. bxc3
Bxf1 9. Nxf1 Bg7 10. N1d2 d6 11. O-O Nbd7 12. Nc4 O-O 13. a4 Qc8 14. h3 Qa6 15.
Na3 Rab8 16. Bf4 Qa5 17. Nc4 Qa6 18. Nfd2 Nb6 19. Ne3 Nfd7 20. Bg5 Rfe8 21. f4
h6 22. Bh4 Qa5 23. Ra3 c4 24. Bf2 Rec8 25. Rb1 Qa6 26. Qa2 Nc5 27. Nc2 Nd3 28.
Bd4 Nxf4 29. Bxg7 Kxg7 30. a5 Nd7 31. Nb4 Qb5 32. Nd3 Qxb1+ 33. Nxb1 Nxd3 34.
Qc2 Rb2 35. Qd1 Nf4 36. Nd2 Ne5 37. Ra1 Nxh3+ 38. Kf1 Nf4 39. Rb1 Rcb8 40. Rxb2
Rxb2 41. Nxc4 Nxc4 42. Qd4+ Ne5 43. Qxa7 Ned3 44. Kg1 Rxg2+ 45. Kf1 Rb2 46. Kg1
Rg2+ 47. Kf1 Ra2 48. Kg1 g5 49. Qxe7 g4 50. Qh4 Ne5 51. Kf1 Rxa5 52. Kf2 Ra2+
53. Kf1 Ra1+ 54. Kf2 Ned3+ 55. Kg3 Rg1+ 0-1

[Event "Lasker Memorial A"]
[Site "?"]
[Date "2006.06.11"]
[Round "9.17"]
[White "Szczepinski, Michal"]
[Black "Chlost, Marlena"]
[Result "1-0"]
[WhiteElo "2302"]
[BlackElo "2122"]
[PlyCount "109"]
[EventDate "2006.??.??"]

1. e4 c5 2. Nf3 Nc6 3. d4 cxd4 4. Nxd4 Nf6 5. Nc3 e5 6. Ndb5 d6 7. Bg5 a6 8.
Na3 b5 9. Bxf6 gxf6 10. Nd5 f5 11. g3 Bg7 12. Bg2 fxe4 13. Bxe4 Be6 14. Qh5 Rc8
15. Rd1 Ne7 16. Qg5 Nxd5 17. Qxg7 Qf6 18. Qxf6 Nxf6 19. Bb7 Rc5 20. c3 Bd5 21.
Bxd5 Rxd5 22. Ke2 Ke7 23. Rxd5 Nxd5 24. Rd1 Nb6 25. b3 Rc8 26. Kd3 Ke6 27. Nc2
f5 28. Ne3 Nd5 29. Nxd5 Kxd5 30. Ra1 Kc5 31. a4 b4 32. Rc1 Kd5 33. c4+ Kc5 34.
Ke3 Rd8 35. Rd1 d5 36. cxd5 Rxd5 37. Rxd5+ Kxd5 38. a5 f4+ 39. Kd3 Kc5 40. Ke4
Kb5 41. Kxe5 Kxa5 42. gxf4 Kb6 43. Kd5 Kc7 44. Kc5 a5 45. Kb5 Kd6 46. Kxa5 Ke6
47. Kxb4 Kf5 48. Kc5 Kxf4 49. b4 h5 50. b5 Kf3 51. b6 Kg2 52. b7 Kxh2 53. b8=Q+
Kg2 54. Qf4 h4 55. Qg4+ 1-0

[Event "Lasker Memorial A"]
[Site "?"]
[Date "2006.06.11"]
[Round "9.19"]
[White "Kielbratowski, Aleksander"]
[Black "Klim, Kamil"]
[Result "1-0"]
[WhiteElo "2153"]
[BlackElo "1940"]
[PlyCount "113"]
[EventDate "2006.??.??"]

1. e4 c6 2. Nf3 d5 3. Nc3 Bg4 4. Be2 Bxf3 5. Bxf3 e6 6. d4 Nf6 7. O-O dxe4 8.
Nxe4 Nxe4 9. Bxe4 Bd6 10. Qg4 Kf8 11. Qh3 Nd7 12. c4 Nf6 13. Bc2 h5 14. Bg5 Be7
15. Rad1 g6 16. Rfe1 Ng8 17. Bd2 Bf6 18. Bc3 Kg7 19. f4 b5 20. d5 cxd5 21. cxd5
exd5 22. f5 Qb6+ 23. Kh1 d4 24. fxg6 dxc3 25. gxf7 Nh6 26. f8=Q+ Kxf8 27. Qxh5
Qc7 28. h3 Qf7 29. Bg6 Qc7 30. Qxb5 cxb2 31. Rf1 Qe7 32. Rd7 Qe6 33. Qb7 Re8
34. Bxe8 Nf5 35. Rd3 Kxe8 36. Qb5+ Kf7 37. Rdf3 Rh5 38. Rxf5 Rxf5 39. Rxf5 Qxa2
40. Rf1 Kg7 41. Qf5 Qa6 42. Rd1 Qa1 43. Rb1 a5 44. g4 Qa4 45. Rf1 Qc6+ 46. Kh2
Qd6+ 47. Kg2 a4 48. g5 Qd2+ 49. Kh1 Bxg5 50. Qf7+ Kh6 51. Qf8+ Kg6 52. Qf5+ Kg7
53. h4 Bxh4 54. Rg1+ Bg5 55. Rxg5+ Qxg5 56. Qxg5+ Kf8 57. Qf6+ 1-0

[Event "Lasker Memorial A"]
[Site "?"]
[Date "2006.06.11"]
[Round "9.20"]
[White "Czaja, Roman"]
[Black "Wielosz, Jaroslaw"]
[Result "1/2-1/2"]
[WhiteElo "2144"]
[BlackElo "2023"]
[PlyCount "173"]
[EventDate "2006.??.??"]

1. d4 Nf6 2. c4 e6 3. Nc3 Bb4 4. Qc2 c5 5. dxc5 Na6 6. Bd2 O-O 7. g3 Bxc5 8.
Bg2 Nb4 9. Qc1 Ng4 10. Nh3 f5 11. O-O h5 12. a3 Nc6 13. b4 Bd4 14. Ra2 h4 15.
Nb5 hxg3 16. hxg3 Be5 17. Bf4 a5 18. Bxe5 Ncxe5 19. Rd2 axb4 20. axb4 Ra4 21.
Qc3 Nc6 22. Rb1 Qf6 23. Qb3 Rxb4 24. Qc2 Qe5 25. Rxb4 Nxb4 26. Qb3 Qc5 27. Nd6
Nc6 28. Nxc8 Rxc8 29. Qxb7 Nce5 30. Rxd7 Nxd7 31. Qxd7 Qxc4 32. Ng5 Qc1+ 33.
Bf1 Qxg5 34. Qxe6+ Kh7 35. Qxc8 f4 36. Qc2+ Kh6 37. Qd2 fxg3 38. Qd6+ Nf6 39.
Qxg3 Qxg3+ 40. fxg3 Kg5 41. Bh3 Ne4 42. Kg2 Kf6 43. Kf3 Ke5 44. Bc8 Nf6 45. Bb7
g5 46. Bc8 Kd4 47. Bb7 Ke5 48. e3 Kd6 49. Ke2 Ke5 50. Kd3 Nh5 51. g4 Nf6 52.
Bc8 Nd5 53. Bb7 Nf6 54. Bf3 Nd7 55. Kc4 Nf8 56. Kc5 Ng6 57. Bd5 Ne7 58. Bg2 Ng6
59. Bf3 Ne7 60. Kb6 Kd6 61. Kb7 Ng6 62. Kc8 Ne5 63. Be2 Nc6 64. Bd1 Nb4 65. Bb3
Nc6 66. Bc2 Ne7+ 67. Kd8 Nd5 68. Ke8 Nxe3 69. Kf7 Ke5 70. Kg6 Kf4 71. Ba4 Nxg4
72. Bd1 Ne3 73. Be2 Nd5 74. Bd1 Nc3 75. Bh5 Ne4 76. Bd1 Nf2 77. Be2 Nh1 78. Bh5
Ng3 79. Bd1 Nf5 80. Be2 Nh4+ 81. Kh5 Nf5 82. Kg6 Ne3 83. Kh5 Kf5 84. Bd3+ Kf6
85. Be2 Ng2 86. Bf3 Nf4+ 87. Kg4 1/2-1/2

[Event "Lasker Memorial A"]
[Site "?"]
[Date "2006.06.11"]
[Round "9.21"]
[White "Vogel, Jaap"]
[Black "Puczylowski, Marcin"]
[Result "1-0"]
[WhiteElo "2256"]
[BlackElo "1912"]
[PlyCount "78"]
[EventDate "2006.??.??"]

1. Nf3 Nf6 2. g3 d5 3. Bg2 Bf5 4. c4 e6 5. Qb3 Qc8 6. Nc3 c6 7. d4 Nbd7 8. cxd5
exd5 9. Bf4 Nh5 10. Bd2 Bd6 11. Rc1 O-O 12. Nh4 Nb6 13. Nxd5 Nxd5 14. Bxd5 Qd7
15. Nxf5 Qxf5 16. Bg2 Nf6 17. O-O Rfe8 18. e3 Qd7 19. Bb4 Bc7 20. Bc5 Ne4 21.
Rfd1 b6 22. Bb4 Qf5 23. Qc2 Rac8 24. Bxe4 Rxe4 25. Qxc6 Ree8 26. Qb7 Bb8 27.
Rxc8 Rxc8 28. Bc3 h5 29. h4 Qg4 30. Kg2 Bxg3 31. f3 Qe6 32. Kxg3 Rxc3 33. bxc3
Qg6+ 34. Kf2 Qc2+ 35. Ke1 Qxc3+ 36. Ke2 Qc4+ 37. Rd3 Qxa2+ 38. Rd2 Qc4+ 39. Kf2
Qb4 1-0

[Event "Lasker Memorial A"]
[Site "?"]
[Date "2006.06.11"]
[Round "9.24"]
[White "Krajewicz, Pawel"]
[Black "Dragun, Kamil"]
[Result "1-0"]
[WhiteElo "1999"]
[BlackElo "1893"]
[PlyCount "87"]
[EventDate "2006.??.??"]

1. d4 f5 2. Nf3 e6 3. g3 d5 4. Bg2 c6 5. O-O Nf6 6. b3 Nbd7 7. c4 Bd6 8. Ba3
Bxa3 9. Nxa3 O-O 10. Qc1 Ne4 11. b4 b6 12. cxd5 cxd5 13. Qc6 Rb8 14. Qxe6+ Kh8
15. Qxd5 Bb7 16. Qb5 Qe7 17. Rac1 a6 18. Qa4 b5 19. Qb3 Nb6 20. Rfd1 Bd5 21.
Qb2 Na4 22. Qa1 a5 23. Ne5 axb4 24. Nc2 Nac3 25. Re1 Ra8 26. a3 Na2 27. Ne3 Bg8
28. Nxf5 Rxf5 29. Bxe4 Rxe5 30. Bxa8 Rf5 31. e4 Nxc1 32. Qxc1 Rf8 33. Bd5 bxa3
34. Bxg8 Kxg8 35. d5 Rf6 36. Qd2 Qe5 37. f4 Qb8 38. d6 b4 39. Qd5+ Kh8 40. e5
Qa7+ 41. Kg2 Rf8 42. d7 Qa8 43. Qxa8 Rxa8 44. e6 1-0

[Event "Lasker Memorial A"]
[Site "?"]
[Date "2006.06.11"]
[Round "9.26"]
[White "Lubienski, Tadeusz"]
[Black "Kowalska, Sara"]
[Result "1/2-1/2"]
[WhiteElo "2166"]
[BlackElo "1833"]
[PlyCount "107"]
[EventDate "2006.??.??"]

1. Nc3 e5 2. Nf3 Nc6 3. d4 exd4 4. Nxd4 Bc5 5. Nb3 Bb6 6. e4 Nf6 7. Bd3 O-O 8.
Bg5 Ne5 9. O-O h6 10. Bxf6 Qxf6 11. Nd5 Qh4 12. Nxb6 axb6 13. Nd4 Nxd3 14. Qxd3
d6 15. Nb5 Qe7 16. a4 Be6 17. b3 Rfd8 18. Rae1 c6 19. Nc3 Qc7 20. f4 d5 21. e5
g6 22. Qg3 Bf5 23. Rf2 Qe7 24. Nd1 Qb4 25. Ref1 d4 26. Qh4 d3 27. c3 Qxb3 28.
g4 Bd7 29. Rb2 Qd5 30. Rb4 Qc5+ 31. Rd4 Be6 32. Qf2 Bxg4 33. Ne3 Be2 34. Rc4
Qe7 35. Rb1 Qc7 36. Rcb4 b5 37. axb5 cxb5 38. Rxb5 Qxc3 39. Nd5 Qa3 40. Nf6+
Kg7 41. Ne4 Qe7 42. Rxb7 Qe6 43. Ng3 Qg4 44. e6 Qxe6 45. f5 gxf5 46. Nxf5+ Kh7
47. R7b6 Rg8+ 48. Ng3 Qh3 49. Rf6 Rg7 50. Rxf7 Qg4 51. Rxg7+ Qxg7 52. Qg2 Rc8
53. Qe4+ Kh8 54. Qa4 1/2-1/2